Score 0/15 Timer 02:00
2 Plays Today
Hint Missing Word % Correct
Jesus of _____Nazareth
90.4%
Feliz _____Navidad
85.7%
Atomic Bombings of Hiroshima and _____Nagasaki
85.6%
_____ FlandersNed
78.5%
______ HawthorneNathaniel
73.9%
Mission: Impossible - Rogue _____Nation
70.6%
Martina _____Navratilova
67.1%
_____ de PlumeNom
65.8%
Hint Missing Word % Correct
_____ Fifty - (Sporcle Badge)Nifty
61.6%
Condé _____ TravelerNast
51.2%
Because the _____Night
49.5%
Duke _____ 3DNukem
41.9%
A _____ Wolfe MysteryNero
38.3%
_____ CopernicusNicolaus
23.8%
_____ Novgorod, RussiaNizhny
14.3%

Today's Daily Dose

Remove Ads.
Support Sporcle.
Get the best of Sporcle when you Go Orange. This ad-free experience offers more features, more stats, and more fun while also helping to support Sporcle. Thank you for becoming a member.

You're not logged in!

Compare scores with friends on all Sporcle quizzes.
OR
Log In

Show Comments

Extras

Top Quizzes Today


Score Distribution

Your Account Isn't Verified!

In order to create a playlist on Sporcle, you need to verify the email address you used during registration. Go to your Sporcle Settings to finish the process.

Report this User

Report this user for behavior that violates our Community Guidelines.

Details: